Score 0/18 Timer 10:00
0 Plays Today
Hint Answer % Correct
BarryHarry Marshall
96.4%
KormitZylus
95.9%
SharkyBen Edgar
95.9%
Yiffing BritSpiffing Brit
95.3%
Bald DadPyrionFlax
94.7%
ReeStarGeeStar
94.1%
LuLuLewis Brindley
93.5%
Mr.BlobbyBouphe
92.9%
The SenateTom Clark
92.3%
Hint Answer % Correct
DadSips
89.9%
Alan SmittAlex Smith
89.3%
Ravinald J. JohnsonRavs
82.2%
SherlockMark Hulmes
81.1%
The Bristol StranglerLydia Ellery
80.5%
MandrewKim Richards
71.6%
CrispChris Trott
71%
ChaunceySimon Lane
68.6%
RockRoss Hornby
51.5%
Remove Ads.
Support Sporcle.
Get the best of Sporcle when you Go Orange. This ad-free experience offers more features, more stats, and more fun while also helping to support Sporcle. Thank you for becoming a member.

You're not logged in!

Compare scores with friends on all Sporcle quizzes.
OR
Log In

Show Comments

Extras

Created Nov 26, 2020ReportNominate
Tags:nickname

Top Quizzes Today


Score Distribution

Your Account Isn't Verified!

In order to create a playlist on Sporcle, you need to verify the email address you used during registration. Go to your Sporcle Settings to finish the process.

Report this User

Report this user for behavior that violates our Community Guidelines.

Details: